00651nam a2200145Ia 4500008004100000100002300041245007000064245016000134260004900294260000900343650001300352856004800365999001900413952007300432170221s9999 xx 000 0 und d aShahnaz T Abdullah aDo female CEOs add value for stockholders? A case study of Yahoo! cShahnaz T Abdullah, Alabama A&M University; Lal C. Chugh, University of Massachusetts Boston; Muhammad Bakhtear Talukdar, Florida International University. bJournal of Management and Marketing Research c2014 xBusiness uhttp://www.aabri.com/manuscripts/141853.pdf c309457d309457 001040aCLbCLd2017-02-21l0r2017-02-21 00:00:00w2017-02-21yFOJ